| 000 | 00521nam a2200181Ia 4500 | ||
|---|---|---|---|
| 999 |
_c22424 _d22424 |
||
| 003 | OSt | ||
| 005 | 20200512102127.0 | ||
| 008 | 190216s9999||||xx |||||||||||||| ||und|| | ||
| 020 | _a8171510469 | ||
| 040 | _coclc | ||
| 082 |
_a297.24 _bWAL/T |
||
| 100 |
_aWaliyullah, Hazrat Shah _92203 |
||
| 245 | 0 |
_aTa`Wil Al-Ahadith / _cHazrat Shah Waliyullah |
|
| 260 |
_bKitab Bhavan, _c1990, _a New Delhi: |
||
| 300 | _a103p | ||
| 650 | _aIslamic History | ||
| 942 |
_cBK _2ddc _h297.24 _iWAL/T _k297.24 _mWAL/T |
||